Times atlas of the world / (Record no. 6876)
[ view plain ]
| 000 -LEADER | |
|---|---|
| fixed length control field | 00390cam a2200157ua 4500 |
| 041 ## - LANGUAGE CODE | |
| Language code of text/sound track or separate title | eng |
| 082 ## - DEWEY DECIMAL CLASSIFICATION NUMBER | |
| Classification number | 028.799 |
| Item number | BAR/TI |
| 100 ## - MAIN ENTRY--AUTHOR NAME | |
| Personal name | Bartholomew, John C . |
| 245 ## - TITLE STATEMENT | |
| Title | Times atlas of the world / |
| 250 ## - EDITION STATEMENT | |
| Edition statement | 7 / |
| 260 ## - PUBLICATION, DISTRIBUTION, ETC. (IMPRINT) | |
| Place of publication | London : |
| Name of publisher | Times books , |
| Year of publication | 1985. |
| 300 ## - PHYSICAL DESCRIPTION | |
| Number of Pages | 227 ; . |
| 942 ## - ADDED ENTRY ELEMENTS (KOHA) | |
| Koha item type | Books |
| Withdrawn status | Lost status | Damaged status | Home library | Current library | Date acquired | Full call number | Accession Number | Koha item type |
|---|---|---|---|---|---|---|---|---|
| KAUAET | 25/03/1987 | 028.799 | 16114 | Books |
